| 000 | 01956cam a2200517 i 4500 | ||
|---|---|---|---|
| 001 | 43259 | ||
| 003 | KOSZ 005 | ||
| 005 | 20200518145800.0 | ||
| 008 | 031113s2003 pl a f |000 0 pol | ||
| 015 | _aPB 2004/776 | ||
| 040 |
_aWA N _cWA N _dKOSZ 005/RW _dKOSZ 005/HR |
||
| 041 | 0 |
_apol _beng _bger |
|
| 080 | _a666.98 | ||
| 080 | _a624.074.4/.5 | ||
| 080 | _a624.012.4 | ||
| 080 | _a624.95 | ||
| 080 | _a624.042 | ||
| 080 | _a620.17 | ||
| 100 | 1 |
_aSeruga, Andrzej _eAutor |
|
| 245 | 1 | 0 |
_aAnaliza stanów naprężenia i odkształcenia w powłokach zbiorników cylindrycznych z betonu sprężonego / _cAndrzej Seruga. |
| 260 |
_aKraków : _bWydaw. PK, _c2003. |
||
| 300 |
_a200 s., [1] k. tabl. złoż. : _bil. ; _c24 cm. |
||
| 336 |
_2rdacontent _aTekst _btxt |
||
| 337 |
_2rdamedia _aBez urządzenia pośredniczącego _bn |
||
| 338 |
_2rdacarrier _aWolumin _bnc |
||
| 380 | _aKsiążki | ||
| 380 | _aPublikacje naukowe | ||
| 388 | _a2001- | ||
| 490 | 1 | _aMonografia / Politechnika Krakowska im. Tadeusza Kościuszki. Inżynieria Lądowa. | |
| 500 | _aISSN i nr serii gł.: 0860-097X ; 289. | ||
| 504 | _aBibliogr. | ||
| 546 | _aStreszcz. ang., niem. | ||
| 650 | 4 | _aBeton sprężony | |
| 650 | 4 | _aZastosowanie i wykorzystanie | |
| 650 | 4 | _aKonstrukcje betonowe | |
| 650 | 4 | _aNaprężenia i odkształcenia | |
| 650 | 4 | _aPowłoki (budownictwo) | |
| 650 | 4 | _aZbiorniki | |
| 650 | 4 | _aProjektowanie | |
| 658 | _aArchitektura i budownictwo | ||
| 710 | 2 |
_aWydawnictwo Politechniki Krakowskiej _4pbl |
|
| 830 | 0 |
_aMonografia - Politechnika Krakowska im. Tadeusza Kościuszki ; _v289 |
|
| 830 | 0 |
_aMonografia - Politechnika Krakowska im. Tadeusza Kościuszki. _pInżynieria Lądowa |
|
| 856 |
_uAnaliza stanów naprężenia i odkształcenia w powłokach zbiorników cylindrycznych z betonu sprężonego _yKatalog online BPK |
||
| 942 |
_2UKD _cKS |
||
| 999 |
_c43259 _d43259 |
||